000 00688nam a22002177a 4500
003 UA-OsUOA
001 47545
007 ta
008 20120712b un ||||| |||| 00| 0 ukr d
090 _a94(477).152 (K)
942 _cBK
040 _aUA-OsUOA
_beng
_cUA-OsUOA
_dUA-OsUOA
245 _aMinutes of the Chair of Ukrainian Studies Seminar University of Toronto.
_cEdit. by Stella Hryniuk
_nVol. I
300 _a69 p.
955 _a1
041 _aeng
080 _a94(477).152 (K)
650 7 _a9 Географія. Біографії. Історія
_2UDC
999 _c427647
_d427647